DOM-TOM Francais - Statistiques

Statistiques générales
  • Ce quiz a été pris 1 588 fois
  • Le résultat moyen est 9 sur 18
Statistiques - réponses
Position DOM-TOM % Correct
Atlantique Guadeloupe
93%
Indien La Réunion
93%
Atlantique Martinique
93%
Atlantique Guyane
88%
Indien Mayotte
82%
Pacifique Nouvelle-Calédonie
70%
Pacifique Polynésie Francaise
69%
Atlantique Saint-Pierre-et-Miquelon
68%
Pacifique Wallis-et-Futuna
59%
Atlantique Saint-Martin
57%
Atlantique Saint-Barthélémy
49%
Austral Terre Adélie
26%
Pacifique Clipperton
24%
Indien Iles Kerguelen
24%
Indien Iles Crozet
11%
Indien Nouvelle-Amsterdam
10%
Indien Iles éparses
9%
Indien Saint-Paul
9%
Aucun quiz correspondant
Distribution des résultats
% des personnes avec chaque résultat
Percentile par nombre de réponses
Votre historique - résultats
Vous n’avez pas pris ce quiz